000 00617nam a2200169 a 4500
008 120416s1961 ||||||||||||||||| || u
050 _aHF 1532 Fra
100 _aFrank, Isaiah
245 1 4 _aThe European Common Market
246 _aan analysis of commercial policy
260 _aLondon
_bStevens & Sons
_c1961
300 _a324p.
350 _a0.00
650 _aCOMMERCIAL POLICY - EUROPEAN COMMON MARKET
650 0 _aMARKETING--MANAGEMENT--CASE STUDIES
995 _D0.00
_FCBU-MAIN LIBRARY (Kitwe)
_H1
_I0.00
_M1
_UAVAILABLE
_ZAnnex Low-Usage Collection
999 _c42579
_d42579